• 首页
  • 本馆介绍
  • 公告通知
  • 最新文献
  • 馆藏检索
  • 电子资源
  • 读者导购
  • 参考咨询
  • 我的图书馆
  • 登录
  • 详细信息显示
  • 放入我的书架
  • 预约/预借图书
  • 作者相关作品
  • 分类相关作品
  • 丛书相关作品
  • 出版社相关作品

书目信息

  • 表格格式
  • 工作单格式
  • 卡片格式
题名:
泥质沉积物和泥岩中有机黏土复合体
    
 
作者: 蔡进功 著
分册:  
出版信息: 北京   科学出版社  2004
页数: 212页
开本: 26cm
丛书名:
单 册:
中图分类: P588.22
科图分类:
主题词: 粘土岩--沉积物--研究 , 粘土岩--有机化合物--研究
电子资源:
ISBN: 7-03-012171-6
000 00827nam0 2200229 45
001 120002594442
005 20050627171501.3
010    @a7-03-012171-6@b精装@dCNY50.00
100    @a20041229d2004 ekmy0chiy0120 ea
101 0  @achi
102    @aCN@b110000
105    @aaf az 000yy
200 1  @a泥质沉积物和泥岩中有机黏土复合体@Ani zhi chen ji wu he ni yan zhong you ji nian tu fu he ti@f蔡进功著@FCai Jin Gong Zhu
210    @a北京@c科学出版社@d2004
215    @a212页@c图,图版@d26cm
330    @a该书探讨了泥质沉积物和泥岩中有机质与黏土矿物间的相互作用,有机质的保存类型和保存方式,以及不同类型有机质的牌泾和排水特征等内容。
606 0  @a粘土岩@x沉积物@x研究
606 0  @a粘土岩@x有机化合物@x研究
690    @aP588.22@v4
701  0 @a蔡进功@4著
801  0 @aCN@bCXYBOOK@c20041229
905    @f2@b358374-375@dP588.22@e77
    
    泥质沉积物和泥岩中有机黏土复合体/蔡进功著.-北京:科学出版社,2004
    212页:图,图版;26cm
    
    
    ISBN 7-03-012171-6(精装):CNY50.00
    该书探讨了泥质沉积物和泥岩中有机质与黏土矿物间的相互作用,有机质的保存类型和保存方式,以及不同类型有机质的牌泾和排水特征等内容。
●
相关链接 在E读中查询图书 在五车中查询图书 在当当中查询图书 在豆瓣中查询图书


正题名:泥质沉积物和泥岩中有机黏土复合体     索取号:P588.22/77         预约/预借

序号 登录号 条形码 馆藏地/架位号 状态 备注
1 0358374   3583740   第二样本阅览室/ [索取号:P588.22/77] 在馆    
2 0358375   3583759   第三借阅区/ [索取号:P588.22/77] 在馆    
唐山师范学院图书馆 欢迎您!
大连网信软件有限公司© 版权所有